书目信息 |
| 题名: |
文体翻译论
|
|
| 作者: | 冯庆华 主编 | |
| 分册: | ||
| 出版信息: | 上海 上海外语教育出版社 2002.11 |
|
| 页数: | 483页 | |
| 开本: | 20cm | |
| 丛书名: | ||
| 单 册: | ||
| 中图分类: | H , H315.9 | |
| 科图分类: | ||
| 主题词: | 英语 | |
| 电子资源: | ||
| ISBN: | 7-81080-574-6 | |
| 000 | 00592nam0 2200205 45 | |
| 001 | 0364244937 | |
| 005 | 2003062417504493 | |
| 010 | @a7-81080-574-6@dRMB 25.00 | |
| 100 | @a20030624d2002 km y0chiy0120 ea | |
| 101 | 0 | @achi |
| 200 | 1 | @a文体翻译论@Awen ti fan yi lun@d=STYLISTIC TRANSLATION@f冯庆华主编@FFeng Qing Hua Zhu Bian |
| 210 | @a上海@c上海外语教育出版社@d2002.11 | |
| 215 | @a483页@d20cm | |
| 510 | @a=STYLISTIC TRANSLATION | |
| 606 | 0 | @a英语 |
| 690 | @aH@v4 | |
| 690 | @aH315.9@v3 | |
| 701 | 0 | @a冯庆华@AFeng Qing Hua@4主编 |
| 801 | 0 | @aCN@bPFT@c20030624 |
| 905 | @a@dH315.9@eF502 | |
| 文体翻译论=STYLISTIC TRANSLATION/冯庆华主编.-上海:上海外语教育出版社,2002.11 |
| 483页;20cm |
| ←并列题名:=STYLISTIC TRANSLATION |
| ISBN 7-81080-574-6:RMB 25.00 |
| ● |
| 相关链接 |
|
|
|
正题名:文体翻译论
索取号:H315.9/F502
 
预约/预借
| 序号 | 登录号 | 条形码 | 馆藏地/架位号 | 状态 | 备注 |
| 1 | 371332 | 203713320 | 语言库209/209语言库 9排1列6层/ [索取号:H315.9/F502] | 在馆 | |
| 2 | 371333 | 203713339 | 语言库209/209语言库 9排1列6层/ [索取号:H315.9/F502] | 在馆 |